[Event "Frauenbundesliga 2021-22"]
[Site "Germany"]
[Date "2022.03.19"]
[Round "5.1"]
[White "Muzychuk, Mariya"]
[Black "Socko, Monika"]
[Result "1/2-1/2"]
[WhiteElo "2539"]
[BlackElo "2393"]
[Annotator "TA"]
[PlyCount "81"]
[EventDate "2021.11.26"]
[EventType "team-tourn"]
[EventCountry "GER"]
[SourceTitle "playchess.com"]
[Source "ChessBase"]
[SourceQuality "1"]

{[%evp 19,81,47,36,31,24,16,64,60,47,45,89,89,69,83,101,78,64,21,37,45,31,17,22,4,1,0,0,0,0,-9,257,210,442,431,406,353,1008,0,0,-10,-10,-9,-12,-11,-22,-21,0,-10,-12,-62,-54,-64,-48,-55,-41,-83,-6,-6,0,0,0,-6,0,0]} 1. e4 e6 2. d4 d5 3. Nc3 Bb4 4. e5 Ne7 5. a3 Bxc3+ 6. bxc3 b6 7. Qg4 Ng6 8. h4 h5 9. Qg3 Ba6 10. Bxa6 Nxa6 11. Ne2 {C16: French: 3 Nc3 Bb4 4 e5: Lines without ...c5.} Qd7 12. Bg5 Qa4 (12... c5 $11) 13. O-O $14 {White is slightly better.} Qxc2 14. Qe3 {[#]} Qe4 $146 (14... c5 $14 {deserves consideration.}) ({Predecessor:} 14... Ne7 15. Rac1 Qa4 16. Bxe7 Kxe7 17. Qg5+ Kd7 18. Qxg7 Raf8 19. Nf4 Ke8 20. Nh3 Rfg8 {1-0 (61) Fakhrutdinov,T (2463)-Yuferev,O (2223) Ekaterinburg 2018}) 15. Qd2 $1 $16 {Hoping for f3.} Ne7 (15... Nxh4 $2 16. f3 Qg6 17. Bxh4 $18) 16. Nf4 Nb8 17. Rfe1 Qf5 18. Bxe7 {White is much more active.} (18. Rac1 $14 {is more appropriate.}) 18... Kxe7 $11 19. c4 dxc4 20. d5 {And now Qb4+ would win.} Na6 {To avoid Qb4+} 21. d6+ Kf8 22. Rac1 cxd6 23. exd6 Kg8 24. Rxc4 Kh7 $2 {[%mdl 8192]} (24... Nc5 $11) 25. Qd4 $1 $18 Nc5 $2 {[#]} (25... Qf6) 26. Re5 $1 Qb1+ 27. Kh2 {Threatens to win with Rg5.} Rad8 $2 (27... f6) 28. Rxh5+ $2 ({Better is} 28. Rg5 $18 {[%csl Gg5][%cal Rd4g7]} f6 {[#]} 29. Nxh5 $1) 28... Kg8 $11 29. Qe5 Rxh5 30. Nxh5 {[%csl Gh5][%cal Re5g7] Dancing on a razor blade.} Qg6 31. Rd4 Nd7 32. Qe2 {[%cal Od4g4] Rg4! is the strong threat.} Nf6 {To avoid Rg4} 33. Nxf6+ Qxf6 {[%mdl 4096] Endgame KQR-KQR} 34. Qd2 (34. Qe4 $1 $11) 34... e5 $15 35. Rd5 Qxh4+ 36. Kg1 Qe4 (36... Qh6 $5 {[%cal Rh6d2]} 37. Qd1 (37. d7 $2 Qxd2 38. Rxd2 Kf8 $19) 37... Rd7 $15) 37. d7 (37. Qd1 $15 {should be considered.}) 37... Qb1+ (37... f6 $17 {aiming for ...Kf7.} 38. Qa2 Kf8) 38. Kh2 $1 $132 {[%mdl 2048] White is not holding back. The position is equal.} ({Don't blunder} 38. Qd1 $2 Qxd1+ 39. Rxd1 Kf8 $19) 38... Qh7+ 39. Kg1 Qb1+ 40. Kh2 $1 ({Avoid the trap} 40. Qd1 $2 Qxd1+ 41. Rxd1 Kf8 $19) 40... Qh7+ 41. Kg1 {Weighted Error Value: White=0.17 (very precise) /Black=0.38} 1/2-1/2

[Event "Frauenbundesliga 2021-22"]
[Site "Germany"]
[Date "2022.03.20"]
[Round "5.1"]
[White "Sieber, Fiona"]
[Black "Reizniece-Ozola, Dana"]
[Result "1-0"]
[WhiteElo "2270"]
[BlackElo "2283"]
[Annotator "TA"]
[PlyCount "123"]
[EventDate "2021.11.26"]
[EventType "team-tourn"]
[EventCountry "GER"]
[SourceTitle "playchess.com"]
[Source "ChessBase"]
[SourceQuality "1"]

{[%evp 10,123,27,23,61,49,50,17,29,13,19,-23,-17,-29,67,50,54,0,0,0,0,0,7,0,0,0,0,0,10,-42,-40,-39,-31,-14,-15,-23,-26,-32,0,-88,-95,-92,-83,-85,-74,-106,-51,-61,-28,-34,-33,-33,-32,-35,-29,-80,-78,-78,-80,-75,-70,-80,-47,-208,-128,-196,0,0,0,0,0,0,79,0,0,0,0,0,0,0,0,0,0,0,0,0,0,0,195,161,176,126,258,148,862,860,820,404,818,816,737,721,652,501,29991,29992,29993,29994,29994,29995,29995,29996,29996,29997,29997,443]} 1. e4 d6 2. d4 g6 3. Nc3 Bg7 4. Be3 a6 5. h4 Nf6 {[%cal Bg8f6,Bf6d7,Bd7b6][%mdl 32]} 6. f3 b5 {B07: Pirc Defence: Miscellaneous Systems.} 7. Qd2 c6 8. g4 {[%cal Bg2g4,Bg4g5][%mdl 32]} h5 $1 {The position is equal.} 9. g5 Nfd7 10. O-O-O {[#]} (10. Nge2 $142) 10... Nb6 $146 ({Predecessor:} 10... Qa5 11. Kb1 Bb7 12. Nh3 c5 13. Nd5 Qxd2 14. Rxd2 Bxd5 15. exd5 cxd4 16. Bxd4 Bxd4 17. Rxd4 {½-½ (27) Pruefer,F (2194)-Glatthor,T (2062) Berlin 2017}) 11. Bd3 e5 (11... N8d7 $11) 12. dxe5 (12. Bf1 {with more complications.} N8d7 13. dxe5 Nxe5 14. b3 d5 15. exd5 Nxd5 16. Bc5) 12... dxe5 13. Bxb5 Qxd2+ 14. Rxd2 axb5 15. Bxb6 Nd7 16. Bf2 b4 17. Nd1 Rxa2 {[%cal Ra2a1]} 18. Kb1 {To avoid Ra1+} Ra8 19. Ne3 (19. Ne2 $11) 19... Ba6 $1 $15 20. Ne2 Nf8 {[%cal Bd7f8,Bf8e6,Be6d4,Bd4f3,Bf3d2][%mdl 32]} 21. Nc1 Ne6 22. Nd3 Nd4 23. Rh3 b3 24. Nc5 (24. c3 $11 Ne6 25. Nc1) 24... bxc2+ $1 $17 25. Nxc2 {[#]} Bf1 $1 26. Rh1 {[#]} Nxf3 27. Rd7 Be2 (27... Bb5 $17 {Threatens to win with ...Bf8.} 28. Rh3 Be2) 28. Nb4 $15 Bf8 29. Rc7 Nd2+ 30. Kc2 Bxc5 31. Bxc5 Nxe4 32. Re7+ (32. Be7 $11) 32... Kf8 $17 33. Rxe5+ Nxc5 34. Rxc5 Kg7 35. Re1 Bb5 36. Re7 (36. Nxc6 $15 Bxc6 37. Rxc6) 36... Rac8 37. Rc3 (37. Nd3 $17 {keeps fighting.}) 37... c5 $2 ({Black should play} 37... Rhe8 $19 38. Rxe8 Rxe8) 38. Nd5 $11 Bc6 39. Nf6 Bb5 40. Re5 Rhd8 (40... Rb8 $11 {remains equal.}) 41. Rexc5 {White is more active.} (41. Rcxc5 $16 Bd3+ 42. Kc3) 41... Bd3+ 42. Kc1 $1 Rxc5 43. Rxc5 {[%mdl 4096] Endgame KRB-KRN} Kf8 (43... Rd4 44. Rc8 Rc4+ 45. Rxc4 Bxc4 46. Kc2 $18) 44. Kd2 Bf5+ 45. Kc3 Rd3+ 46. Kc4 {[%cal Oc5f5] Strongly threatening Rxf5!} Rh3 47. Ra5 Ke7 ({Don't play} 47... Rxh4+ 48. Kc5 Ke7 49. Ra8 $16) 48. Kc5 {Black must now prevent Ra8.} Rxh4 $2 {[#]} (48... Ke6 $11) 49. Ra8 $1 $18 {[%csl Gf6][%cal Ra8e8]} Bd7 {To avoid Re8+} 50. Ra7 Ke6 51. Rxd7 {KRN-KR} (51. Nxd7 $18 Rh2 52. b4 Rc2+ 53. Kb5) 51... Rf4 {[%mdl 8192]} (51... Rh2 $16) 52. Rd6+ Ke5 53. Rd5+ Ke6 54. b4 h4 55. b5 {aiming for b6.} h3 56. b6 {b7 would kill now.} Rf5 (56... Rf1 $18 57. Rd6+ Kf5) 57. b7 {White mates.} h2 58. b8=Q {[%csl Gc5,Gd5][%cal Rb8d6]} Rxd5+ 59. Nxd5 h1=Q 60. Qd6+ Kf5 61. Qf4+ Ke6 62. Qf6+ {Never resign too early!  Weighted Error Value: White=0.20 (precise) /Black=0.39} 1-0

[Event "Frauenbundesliga 2021-22"]
[Site "Germany"]
[Date "2022.03.19"]
[Round "5.2"]
[White "Roebers, Eline"]
[Black "Muzychuk, Anna"]
[Result "1/2-1/2"]
[WhiteElo "2341"]
[BlackElo "2531"]
[Annotator "TA"]
[PlyCount "139"]
[EventDate "2021.11.26"]
[EventType "team-tourn"]
[EventCountry "GER"]
[SourceTitle "playchess.com"]
[Source "ChessBase"]
[SourceQuality "1"]

{[%evp 14,139,37,39,34,28,26,23,45,18,13,23,33,8,27,-53,-51,-84,-72,-86,-87,-91,-89,-135,-136,-127,-126,-169,-134,-147,-118,-138,-130,-129,-139,-141,-139,-132,-134,-137,-144,-139,-72,-75,-82,-73,-81,-74,-73,-54,-52,-64,-16,-108,-87,-93,-59,-58,-47,-70,-63,-61,-59,-65,-38,-28,-23,-66,-69,-81,-90,-113,-113,-113,-113,-113,-113,-113,-99,-442,-435,-375,-308,-425,-258,-258,-258,-503,-472,-1079,-1039,-1019,-300,-300,-300,-300,-300,-309,-309,-309,-309,-309,-72,-300,-300,-300,0,-7,-7,-7,0,0,0,0,0,0,8,8,8,0,0,0,8,-8,-8,-8,-8,-8]} 1. e4 e5 2. Nf3 Nc6 3. Bc4 Nf6 {[%cal Bg8f6,Bf6d5,Bd5f4,Bf4d3][%mdl 32]} 4. Ng5 d5 5. exd5 Na5 6. Bb5+ c6 7. dxc6 bxc6 8. Bd3 $1 {[%mdl 4] now scores much better than the old 8.Be2.} Nd5 {C58: Two Knights: 4 Ng5 d5 5 exd5 Na5 sidelines.} 9. Nf3 (9. Qh5 g6 10. Nxf7 gxh5 $17) 9... Bd6 10. O-O Nf4 {White has an edge.} 11. Re1 $1 Nxd3 12. cxd3 {White wants to play d4.} O-O 13. b3 c5 14. Bb2 ({White should play} 14. Nc3 $11) 14... f6 {[%mdl 1024] [#] Black has compensation.} 15. Na3 $146 ({Predecessor:} 15. Nc3 Nc6 16. Ba3 a5 17. Ne4 Nb4 18. Bxb4 axb4 19. Qc2 Ra5 20. Qc4+ Kh8 21. a3 bxa3 22. Qc1 a2 23. Qc2 Be6 24. Rxa2 Rb5 25. Ra3 Qb8 {½-½ (25) Todd,D (1733)-Hawkins,J (1927) ICCF email 2017}) 15... Nc6 {[%cal Ba5c6,Bc6e7,Be7d5,Bd5f4,Bf4d3][%mdl 32]} 16. Nc2 Ba6 17. Re3 Ne7 18. Nce1 (18. Nfe1 $142) 18... Nd5 19. Re4 Qd7 20. Ba3 (20. Rc1 $17) 20... Rac8 21. Rc1 Kh8 22. h4 Rfd8 23. h5 Nf4 24. g3 Nxd3 25. Nxd3 Bxd3 26. Rh4 Be7 27. Bb2 Qf5 (27... c4 $142 28. Ne1 g5 29. hxg6 Bxg6 30. Rhxc4 Rxc4 31. Rxc4 Qxd2 32. Qxd2 Rxd2) 28. Ne1 $17 Bb5 29. Bc3 Qe6 30. Ng2 f5 31. Rh2 Bf6 32. Qe1 Rd6 (32... c4 $15) 33. Qe3 (33. f4 $11 e4 34. h6) 33... Kg8 34. f4 {[%cal Rf4e5]} e4 {...Bd4 is the strong threat.} 35. Bxf6 Qxf6 36. Qc3 Qxc3 37. Rxc3 Rxd2 38. Ne3 {[%csl LRd2,LRf5] Prevents Rd1+.} Rxh2 (38... Be2 $5 {[%cal Rd2a2]}) 39. Kxh2 $15 {[%mdl 4096] Endgame KRB-KRN} g6 40. h6 (40. hxg6 $11 {is more appropriate.} hxg6 41. g4) 40... Kf7 41. Kh3 a6 42. b4 c4 43. a4 Bxa4 44. Rxc4 Rxc4 45. Nxc4 $17 {KB-KN} Kf6 {Strongly threatening ...Bb5.} 46. Kh4 $2 {[%mdl 8192]} (46. Kg2 $17) 46... Bb3 $19 47. Ne3 Be6 48. Ng2 Bf7 49. Ne3 g5+ 50. fxg5+ $2 (50. Kh3 {was the only defense.}) 50... Ke5 51. Ng2 {Inhibits f4.} (51. Kh3 $142 f4 52. g6 Bxg6 53. gxf4+ Kxf4 54. Ng2+ Ke5 55. Kg3) 51... Kd4 52. g4 fxg4 $2 (52... f4 {And now ...f3 would win.} 53. Nxf4 e3) 53. Nf4 e3 $1 {[%cal Be4e3,Be3e2][%mdl 32] Threatens to win with ...Kc3.} 54. Kxg4 {[%cal Og5g6]} Ke4 55. Kg3 {[%cal Og5g6] [#]} Kf5 {To avoid g6} ({And not} 55... Bc4 56. g6 Bg8 57. gxh7 (57. g7 Kf5 $11) 57... Bxh7 58. Kg4 $11 (58. Ne2 Bf5 $11)) 56. Ng2 e2 ({Inferior is} 56... Kxg5 57. Nxe3 Be6 58. Nd1 $17) 57. Kf2 Bh5 $2 (57... Kxg5 $19 {and Black stays clearly on top. White must now prevent ...Bc4.} 58. Kxe2 Kxh6) 58. Ne3+ (58. Ne1 $17 {is the only way for White.}) 58... Kxg5 59. Nd5 Kxh6 $2 ({Black should try} 59... Be8 $19 60. Kxe2 Kxh6) 60. Nc7 $11 {The position is equal.} Kg5 61. Nxa6 Bf3 {[%cal Oh7h5]} 62. Nc5 h5 {[%cal Oh5h4] Hoping for ...h4!} 63. Ne6+ $1 ({Don't go for} 63. b5 $2 {[#]} h4 $1 64. Nd3 Bd5 $19) 63... Kg4 64. Nd4 {[%csl LRe2,LRf3]} Be4 65. Nxe2 h4 66. Kg1 Bd3 67. Kf2 h3 {( -> ...Bxe2)} 68. Ng1 h2 69. Kg2 hxg1=R+ 70. Kxg1 {Whites escaped into a draw.  Weighted Error Value: White=0.47/Black=0.32} 1/2-1/2

[Event "Frauenbundesliga 2021-22"]
[Site "Germany"]
[Date "2022.03.19"]
[Round "5.3"]
[White "Abdumalik, Zhansaya"]
[Black "Papp, Sarah"]
[Result "1-0"]
[WhiteElo "2491"]
[BlackElo "2300"]
[Annotator "TA"]
[PlyCount "77"]
[EventDate "2021.11.26"]
[EventType "team-tourn"]
[EventCountry "GER"]
[SourceTitle "playchess.com"]
[Source "ChessBase"]
[SourceQuality "1"]

{[%evp 16,77,19,18,11,7,22,0,0,0,25,17,18,27,12,-8,31,52,18,24,8,47,195,216,206,51,27,36,29,33,39,45,85,6,3,39,22,-30,-20,-29,0,0,-4,-231,-65,-84,51,46,256,254,533,504,524,524,513,502,1039,1010,5062,5056,29988,29989,29988,29989]} 1. e4 e6 2. d4 d5 3. Nc3 Nf6 4. e5 Nfd7 {[%cal Bf6d7,Bd7c5,Bc5e4][%mdl 32]} 5. f4 c5 6. Nf3 Nc6 7. Be3 Be7 8. Qd2 a6 9. dxc5 Nxc5 {C11: French: Classical System: 4 e5 and 4 Bg5 dxe4.} 10. a3 O-O 11. O-O-O b5 {[#] The position is equal.} 12. f5 $146 {[%cal Of5f6]} ({Predecessor:} 12. b4 Nd7 13. Nd4 Bb7 14. Nxc6 Bxc6 15. Ne2 Bb7 16. Nd4 a5 17. Nxb5 axb4 18. axb4 {½-½ (76) Unneland,M (2146)-Brehovsky,P (2149) Chess.com INT 2020}) 12... exf5 13. Nxd5 {Hoping for Qc3.} Ne4 {Prevents Qc3.} 14. Qe1 {aiming for Bb6.} Bd7 15. g4 $132 {[%mdl 2048] White is not holding back} fxg4 {[#]} (15... b4 $5) 16. Bb6 $1 Qc8 17. Nd4 Bg5+ 18. Kb1 Nxd4 (18... f5 $1 $14) 19. Bxd4 $18 Rd8 {[%cal Od7c6]} 20. Nb6 $2 (20. Qxe4 Bf5 21. Qe2 (21. Qg2 Rxd5 22. Bd3 Rd8 $15) 21... Rxd5 $14) (20. Bb6 $1 $18 {[%cal Rb6d8]} Nc5 21. Bg2) 20... Qb7 $1 $14 {[%cal Oe4d2] Strongly threatening ...Nd2+!} 21. Rg1 (21. Nxa8 Nd2+ $1 {[%mdl 512]} 22. Rxd2 Bxd2 $17) 21... Bf5 22. Nxa8 Qxa8 23. Bg2 {Qe2 is the strong threat.} Qc6 24. Qe2 ({White should try} 24. Be3 $1 $16 {[%cal Re3g5] And now Bxg5 would win.} Qc8 25. Rxd8+ Bxd8 26. Rf1) 24... Qc4 $1 $11 25. Qxc4 bxc4 26. Be3 {[#]} Nc3+ $1 27. bxc3 Rb8+ 28. Ka2 Bxe3 29. Rb1 $2 (29. Rgf1 $1 $11 {and White is okay.} g6 30. Bd5) 29... Rf8 $2 (29... Rxb1 $1 $19 30. Rxb1 h5) 30. Rgf1 $15 {[#]} Bxc2 {A strong pair of Bishops.} (30... Be6 $1 $17) 31. Rb7 $14 Rd8 {[#] Inhibits Bd5.} (31... g6 $14) 32. Bd5 $1 $18 {[%cal Ob7f7]} (32. Rbxf7 g6 33. Bc6 Rd2 $11) (32. Rfxf7 $2 Bb3+ 33. Rxb3 cxb3+ 34. Kxb3 Kxf7 $19) 32... Bb3+ $2 (32... Bg6 33. Bxc4 (33. Bxf7+ Bxf7 34. Rbxf7 g5 $16) 33... Rd2+ 34. Kb3 Kf8) 33. Ka1 {[%cal Ob7f7]} h5 34. Bxf7+ Kh7 35. e6 {Black must now prevent e7.} ({Not} 35. Bxh5 Kh6 $18) 35... Bd2 (35... Ba4 $142 36. e7 Rd2) 36. e7 Bxc3+ 37. Kb1 Rd2 {[#]} 38. Bg6+ $1 {[%mdl 512]} Kh6 39. e8=Q {Weighted Error Value: White=0.24 (precise) /Black=0.74} 1-0

[Event "Frauenbundesliga 2021-22"]
[Site "Germany"]
[Date "2022.03.20"]
[Round "5.3"]
[White "Duessler, Stefanie"]
[Black "Berzina, Ilze"]
[Result "1/2-1/2"]
[WhiteElo "2119"]
[BlackElo "2192"]
[Annotator "TA"]
[PlyCount "97"]
[EventDate "2021.11.26"]
[EventType "team-tourn"]
[EventCountry "GER"]
[SourceTitle "playchess.com"]
[Source "ChessBase"]
[SourceQuality "1"]

{[%evp 14,97,27,29,40,28,38,40,42,31,42,10,45,16,62,28,32,17,14,39,33,35,28,8,16,8,26,11,23,0,0,0,0,-8,0,0,-8,-10,17,0,0,0,0,-7,-5,-16,-10,-25,-31,-25,0,0,0,0,0,0,0,0,0,0,0,0,0,0,0,0,0,0,0,0,0,0,0,0,77,0,0,0,0,0,0,0,0,0,0,0]} 1. e4 e5 2. Nf3 Nc6 3. Bb5 g6 4. O-O Bg7 5. c3 a6 6. Ba4 d6 7. h3 Bd7 8. d4 Nge7 {C76: Ruy Lopez: Deferred Steinitz: 5 c3 Bd7 6 d4 g6.} 9. dxe5 dxe5 {9...Nxe5 is the modern continuation.} 10. Be3 O-O {White is slightly better.} 11. Qe2 Qe8 12. Na3 {[#]} Rd8 $146 (12... b5 {is interesting.} 13. Bb3 Na5 14. Bc5 Nb7 15. Qe3 a5) ({Predecessor:} 12... f5 13. Rfd1 f4 14. Bc5 Rf6 15. Bb3+ Kh8 16. Nc4 Rf8 17. Rd2 h6 18. Rad1 Bc8 {0-1 (46) Green,A (2038)-Vasli,A Liverpool 2008}) 13. b4 Nb8 (13... Nd4 $11 {is more appropriate.} 14. cxd4 Bxa4 15. Nxe5 Nc6 16. Nxc6 Bxc6) 14. Bxd7 {White is much more active.} Nxd7 {[%cal Bb8d7,Bd7b6,Bb6a4][%mdl 32]} 15. Rad1 Nc8 16. Nc4 b5 17. Na5 Nd6 18. Nd2 Nb6 19. f3 Na4 20. Rc1 f5 21. Nab3 (21. c4 {is more complex.} Qe6 22. Rfe1 Rfe8 23. Bg5 Rd7 24. Ndb3) 21... fxe4 22. fxe4 Rxf1+ 23. Kxf1 Qc6 24. Bg5 Rf8+ 25. Kg1 Qb6+ (25... Nxc3 $2 26. Qe3 $18) 26. Be3 Qc6 {[%csl LRc3,LRe4]} 27. Nc5 Nxc5 28. Bxc5 Bh6 {With the idea ...Bxd2.} 29. Be3 Bf4 30. Qd3 Bxe3+ 31. Qxe3 Nc4 (31... Qb6 $5 {[%cal Rb6e3]} 32. Re1 Kg7 $11) 32. Nxc4 Qxc4 $11 {[%mdl 4096] Endgame KQR-KQR} 33. a3 Rf4 34. Re1 Kg7 35. Kh2 Rf1 36. Re2 Qf7 37. Rd2 h5 38. Qg5 Qf4+ 39. Qxf4 Rxf4 {KR-KR} 40. Rd7+ Kh6 41. Rxc7 Rxe4 42. Kg3 Re2 43. Rc6 a5 (43... h4+ $11 {keeps the balance.} 44. Kf3 (44. Kxh4 {is a self mate.} Rxg2 45. Rxa6 e4 46. Rd6 e3 47. Re6 e2 48. Re5 e1=Q+ 49. Rxe1 g5#) 44... Rc2) 44. Rc5 (44. bxa5 $16 {[%cal Oa3a4] Threatens to win with a4!} Ra2 45. a6) 44... Ra2 {The position is equal.} 45. bxa5 Rxa3 46. Rxb5 {[#] Strongly threatening Rc5.} Rxc3+ 47. Kf2 e4 48. Re5 Ra3 49. Rxe4 {Weighted Error Value: White=0.09 (flawless) /Black=0.09 (flawless)} 1/2-1/2

[Event "Frauenbundesliga 2021-22"]
[Site "Germany"]
[Date "2022.03.19"]
[Round "5.4"]
[White "Baciu, Diana"]
[Black "Paehtz, Elisabeth"]
[Result "1/2-1/2"]
[WhiteElo "2289"]
[BlackElo "2507"]
[Annotator "TA"]
[PlyCount "52"]
[EventDate "2021.11.26"]
[EventType "team-tourn"]
[EventCountry "GER"]
[SourceTitle "playchess.com"]
[Source "ChessBase"]
[SourceQuality "1"]

{[%evp 16,52,30,26,32,14,22,8,10,12,44,0,8,0,0,0,38,-59,-25,-39,-47,-50,-60,-59,-59,-68,-35,-56,-45,-55,0,0,0,-10,0,0,92,95,80]} 1. e4 c5 2. Nf3 Nc6 3. Bb5 g6 4. Bxc6 dxc6 5. d3 Bg7 6. h3 Nf6 7. Nc3 Nd7 8. Be3 e5 9. Qd2 h6 $1 {9...h6 is better than 9...Qe7. B31: Sicilian: 2...Nc6 3 Bb5 g6.} 10. O-O b6 11. Nh2 Nf8 {The position is equal.} 12. f4 exf4 13. Rxf4 (13. Bxf4 $14 Ne6 14. Be3) 13... Be6 14. Raf1 g5 15. R4f2 Qc7 16. Ng4 ({White should play} 16. a3 $14) 16... O-O-O 17. Nf6 Nd7 18. Nh5 Be5 19. g4 {[#]} f6 $146 ({Predecessor:} 19... f5 20. exf5 Bf7 21. Ne4 Bxh5 22. gxh5 Nf6 23. Nxf6 Bxf6 24. Rf3 Qf7 25. Qg2 Qxh5 {1-0 (38) Terry,R (2504)-Silich,Y (2289) Chess.com INT 2021}) 20. Ne2 Bf7 ({Don't take} 20... Bxa2 21. b3 $16) (20... f5 $5 21. exf5 Bf7 $15) 21. c3 Bxh5 (21... Bxa2 22. c4 $14) 22. gxh5 Nf8 (22... Rhe8 $15) 23. d4 $11 Ne6 24. Qd3 {[#] And now Qa6+ would win.} Kb8 25. Qc4 Bf4 (25... cxd4 $11 {keeps the balance.} 26. cxd4 Bxd4 27. Bxd4 Nxd4) 26. Nxf4 $16 ({Don't play} 26. Bxf4 $6 Nxf4 27. Nxf4 gxf4 $11) 26... gxf4 {Weighted Error Value: White=0.17 (very precise) /Black=0.16 (very precise)} 1/2-1/2

[Event "Frauenbundesliga 2021-22"]
[Site "Germany"]
[Date "2022.03.20"]
[Round "5.4"]
[White "Otikova, Elina"]
[Black "Manusina, Nicole"]
[Result "1-0"]
[WhiteElo "2105"]
[BlackElo "2017"]
[Annotator "TA"]
[PlyCount "63"]
[EventDate "2021.11.26"]
[EventType "team-tourn"]
[EventCountry "GER"]
[SourceTitle "playchess.com"]
[Source "ChessBase"]
[SourceQuality "1"]

{[%evp 12,63,25,29,29,15,15,22,25,19,16,0,45,56,48,45,45,33,53,33,48,45,52,67,119,-18,-23,-11,135,138,135,143,145,155,148,143,135,130,265,269,304,289,324,339,329,325,784,767,1668,1598,29990,29991,29991,29992]} 1. e4 c5 2. Nf3 d6 3. d4 cxd4 4. Nxd4 Nf6 5. Nc3 a6 6. Be2 e6 7. f4 Be7 {B84: Sicilian Scheveningen: 6 Be2 a6, lines without early Be3.} 8. Bf3 O-O 9. O-O Re8 {The position is equal.} 10. Kh1 Qc7 11. Qe1 {[#]} Nc6 $146 (11... e5 $11 12. fxe5 dxe5) ({Predecessor:} 11... e5 12. Nde2 b5 13. fxe5 dxe5 14. Qg3 Bf8 15. Bg5 Nbd7 16. Nd4 Bb7 17. Nf5 Kh8 {½-½ (29) Sazon,A (2287)-Daskal,Y (2127) ICCF email 2019}) 12. Nxc6 $14 bxc6 13. e5 Nd5 14. exd6 Qxd6 15. Ne4 {[%cal Bc3e4,Be4g3,Bg3h5,Bh5f6,Bf6h7,Bh7g5][%mdl 32]} Qc7 16. Bd2 f5 17. Ng3 Rb8 (17... a5 $1 $14) 18. Bxd5 ({White should try} 18. Nh5 $16) 18... exd5 $11 19. Bc3 {Black must now prevent Nh5.} Bd7 {[#]} (19... Qd7 $1 $11) 20. Nh5 $1 $16 Bb4 21. Qg3 {[%csl Gc3,Gh5][%cal Rg3g7]} Bxc3 22. bxc3 {[%csl Gh5][%cal Rg3g7]} Re7 {[#]} 23. Nf6+ $1 $40 {[%mdl 128] White goes for the king.} Kf7 24. Nxh7 {White is more active.} Rh8 {Black cannot hold the game after this.} (24... Kg8 $16 {is a better defense.}) 25. Ng5+ $18 Kf8 26. Rae1 {Rxe7 is the strong threat.} Qd6 27. Rxe7 Qxe7 28. Re1 Qf6 (28... Qd6 29. Qe3 c5) 29. Qe3 {And now Qb6 would win.} Rh6 30. Qb6 {Threatening mate with Qb8+.} g6 31. Qb8+ Kg7 32. Qc7 {Weighted Error Value: White=0.12 (very precise) /Black=0.61} 1-0

[Event "Frauenbundesliga 2021-22"]
[Site "Germany"]
[Date "2022.03.19"]
[Round "5.5"]
[White "Salimova, Nurgyul"]
[Black "Fuchs, Judith"]
[Result "1-0"]
[WhiteElo "2400"]
[BlackElo "2233"]
[Annotator "ChessBase"]
[PlyCount "61"]
[EventDate "2021.11.26"]
[EventType "team-tourn"]
[EventCountry "GER"]
[SourceTitle "playchess.com"]
[Source "ChessBase"]
[SourceQuality "1"]
[TimeControl "40/5400+30:1800+30"]

1. d4 Nf6 2. Nf3 c5 3. c3 e6 4. Bg5 Be7 5. e3 b6 6. Nbd2 Bb7 7. Bd3 h6 8. Bh4 d6 9. h3 Nbd7 10. Qe2 Qc7 11. O-O-O a6 12. Kb1 b5 13. dxc5 Nxc5 14. Bc2 Rc8 15. e4 e5 16. Bxf6 Bxf6 17. Nf1 O-O 18. Ne3 Nxe4 19. Ng4 Qc6 20. Rhe1 Be7 21. Ne3 Nc5 22. Nf5 Qc7 23. N3d4 Bg5 24. h4 Bd8 25. Qg4 g6 26. Nxh6+ Kh8 27. h5 exd4 28. Qxd4+ f6 29. hxg6 d5 30. Nf5 Kg8 31. g7 1-0